000 nam a22 7a 4500
999 _c329498
_d329498
003 NUST
005 20170510122541.0
008 170510b xxu||||| |||| 00| 0 eng d
040 _cDLC
082 _a518 POT
245 _aGuidelines for the use of advanced numerical analysis /
260 _aLondon : | Distributed by Reston, VA :
_bThomas Telford ; | ASCE Press,
300 _a177 p. :
942 _2ddc
_cBK